Women and law in sub-Saharan Africa / (Record no. 508)
| 000 -LEADER | |
|---|---|
| fixed length control field | 00829cam a2200265Ia 4500 |
| 001 - CONTROL NUMBER | |
| control field | 4205821 |
| 005 - DATE AND TIME OF LATEST TRANSACTION | |
| control field | 20140116120830.0 |
| 008 - FIXED-LENGTH DATA ELEMENTS--GENERAL INFORMATION | |
| fixed length control field | 031113s2003 gh bv 001 0 eng d |
| 020 ## - INTERNATIONAL STANDARD BOOK NUMBER | |
| International Standard Book Number | 9964722354 |
| 035 ## - SYSTEM CONTROL NUMBER | |
| System control number | (NNC)4205821 |
| 035 ## - SYSTEM CONTROL NUMBER | |
| System control number | (OCoLC)ocm53832574 |
| 040 ## - CATALOGING SOURCE | |
| Original cataloging agency | GZL |
| Transcribing agency | GZL |
| Modifying agency | OCLCQ |
| 043 ## - GEOGRAPHIC AREA CODE | |
| Geographic area code | fb----- |
| 090 ## - LOCALLY ASSIGNED LC-TYPE CALL NUMBER (OCLC); LOCAL CALL NUMBER (OCLC) | |
| Classification number (OCLC) (R) ; Classification number, CALL (RLIN) (NR) | KQC145.B69 2003 |
| 100 ## - MAIN ENTRY--PERSONAL NAME | |
| Personal name | Bowman, Cynthia Grant |
| 245 00 - TITLE STATEMENT | |
| Title | Women and law in sub-Saharan Africa / |
| Statement of responsibility, etc | Cynthia Grant Bowman and Akua Kuenyehia. |
| 260 ## - PUBLICATION, DISTRIBUTION, ETC. (IMPRINT) | |
| Place of publication, distribution, etc | Accra, Ghana : |
| Name of publisher, distributor, etc | Sedco, |
| Date of publication, distribution, etc | 2003. |
| 300 ## - PHYSICAL DESCRIPTION | |
| Extent | xix, 652 p. |
| 504 ## - BIBLIOGRAPHY, ETC. NOTE | |
| Bibliography, etc | Includes bibliographical references and index. |
| 650 #0 - SUBJECT ADDED ENTRY--TOPICAL TERM | |
| Topical term or geographic name as entry element | Women |
| General subdivision | Legal status, laws, etc. |
| Geographic subdivision | Africa, Sub-Saharan. |
| 650 #0 - SUBJECT ADDED ENTRY--TOPICAL TERM | |
| Topical term or geographic name as entry element | Women |
| General subdivision | Legal status, laws, etc. |
| Geographic subdivision | Africa, Sub-Saharan |
| Form subdivision | Cases. |
| 700 1# - ADDED ENTRY--PERSONAL NAME | |
| Personal name | Kuenyehia, Akua. |
| 942 ## - ADDED ENTRY ELEMENTS (KOHA) | |
| Source of classification or shelving scheme | |
| Item type | Book |
| Withdrawn status | Lost status | Source of classification or shelving scheme | Damaged status | Not for loan | Home library | Current library | Date acquired | Source of acquisition | Total Checkouts | Full call number | Barcode | Date last seen | Date last borrowed | Copy number | Price effective from | Koha item type | Total Renewals | Checked out |
|---|---|---|---|---|---|---|---|---|---|---|---|---|---|---|---|---|---|---|
| Riara University Library | Riara University Library | 22/10/2011 | Purchase | 3 | KQC145.B69 2003 | 465/11 | 04/02/2026 | 16/01/2026 | C.1 | 22/10/2011 | Book | |||||||
| Riara University Library | Riara University Library | 22/10/2011 | Purchase | 4 | KQC145.B69 2003 | 464/11 | 18/11/2021 | 18/11/2021 | C.2 | 22/10/2011 | Book | 1 | 04/12/2021 | |||||
| Riara University Library | Riara University Library | 22/10/2011 | Purchase | 2 | KQC145.B69 2003 | 463/11 | 13/02/2015 | 09/02/2015 | C.3 | 22/10/2011 | Book |
